00349nam a2200109Ia 4500008004100000082001500041100001300056245005300069942000600122952009600128999001500224240331s9999 xx 000 0 und d a303.6bRAC aLogo. ed 0aRace Relations in Sri Lanka :bTowards Solutions cL 001040708LaWERCLbWERCLcSSCd2024-03-31l0o 303.6 RACp212r2024-03-31w2024-03-31yL c1269d1269